Ant colony optimization
Αποθηκεύτηκε σε:
| Κύριος συγγραφέας: | |
|---|---|
| Άλλοι συγγραφείς: | |
| Μορφή: | Βιβλίο |
| Γλώσσα: | English |
| Δημοσίευση: |
Cambridge, Mass. :
MIT Press,
c2004
|
| Θέματα: | |
| Ετικέτες: |
Προσθήκη ετικέτας
Δεν υπάρχουν, Καταχωρήστε ετικέτα πρώτοι!
|
MARC
| LEADER | 00000nam a2200000 i 4500 | ||
|---|---|---|---|
| 001 | 1/32713 | ||
| 008 | 060724s2004 eng d | ||
| 020 | |a 0-262-04219-3 | ||
| 035 | |l 10084750 | ||
| 040 | |a GR-MY-UA |b gre |e aacr | ||
| 041 | 0 | |a eng | |
| 082 | 0 | |a 519.6 |2 (22) | |
| 100 | 1 | |a Dorigo, Marco. | |
| 245 | 1 | 0 | |a Ant colony optimization / |c Marco Dorigo, Thomas Stutzle |
| 260 | |a Cambridge, Mass. : |b MIT Press, |c c2004 | ||
| 300 | |a xi, 305 σ.; |b εικ.; |c 24 εκ. | ||
| 504 | |a Βιβλιογραφία: σ. [277]-300. Ευρετήριο | ||
| 650 | 0 | 0 | |a Mathematical optimization. |
| 650 | 0 | 0 | |a Ants |x Behavior |x Mathematical models. |
| 700 | 1 | |a Stutzle, Thomas. | |
| 852 | |a INST |b CHIOS |e 20070822 |h 519.6 DOR |p 005200025787 |q 005200025787 |t BK |y 0 | ||
| 852 | |a INST |b SAMOS |e 20060724 |h 519.6 DOR |p 005300026497 |q 005300026497 |t BK |y 0 | ||
| 901 | |a BIBL3-2006-2 | ||
| 901 | |a BIBL2-2007-2 | ||
| 909 | |a Σ |b 128880 | ||
| 909 | |a Χ |b 136970 | ||
| 920 | |a ΑΝΑΜΟΡΦΩΣΗ |b ΕΠΕΑΕΚ ΙΙ-ΜΑΘ |y ΣΑΜΟΣ |z 2006-06 | ||
| 922 | |a 2ΕΛΗ |b 200707 |c ΕΠΕΑΕΚ2/ΤΜΟΔ |d ΠΑΠΑΣΩΤΗΡΙΟΥ | ||
| 970 | |a ΚΟΣΙΕΡΗΣ |b ΧΡΗΣΤΟΣ |z 2006/07/24 | ||